[Event "SV Kamen 1 - SF Essen-Katernberg  2"]
[Site "Regionalliga 2018/2019"]
[Date "2019.01.27"]
[Round "6.3"]
[White "Heldt, Maximilian"]
[Black "Luetke, Jens"]
[Result "1/2-1/2"]
[WhiteElo "2080"]
[BlackElo "2188"]
[PlyCount "111"]
[EventDate "2019.??.??"]

1. c4 d6 2. g3 g6 3. Bg2 Bg7 4. e4 c5 5. Ne2 Nc6 6. Nbc3 h5 7. h4 Bg4 8. f3 Bd7
9. d3 a6 10. Be3 b5 11. cxb5 axb5 12. d4 b4 13. Nd5 e6 14. Ndf4 cxd4 15. Bf2 e5
16. Nd3 Qa5 17. O-O Nf6 18. Be1 Qb6 19. Kh1 O-O 20. Ng1 d5 21. Bd2 Qb5 22. Qe2
Rfe8 23. Rfc1 dxe4 24. fxe4 Bg4 25. Bf3 Bf8 26. Bg5 Bxf3+ 27. Qxf3 Ng4 28. Rf1
Ra7 29. Nf2 Nxf2+ 30. Rxf2 Qc4 31. g4 hxg4 32. Qxg4 Qe6 33. Qg3 Bg7 34. Raf1
Qxa2 35. h5 Re6 36. h6 Bf8 37. Qh4 f5 38. exf5 Qd5+ 39. Rg2 gxf5 40. Bf6+ Kh7
41. Qg5 Ne7 42. Bxe7 Rxh6+ 43. Nh3 Rxh3+ 44. Kg1 Qf7 45. Bxf8 Rh5 46. Qd8 Rd7
47. Qb8 Rb7 48. Qd6 Rd7 49. Qxb4 d3 50. Rff2 Rb7 51. Qc5 Rc7 52. Rxf5 Rxf5 53.
Rh2+ Kg8 54. Rg2+ Kh7 55. Rh2+ Kg8 56. Rg2+ 1/2-1/2

[Event "SV Kamen 1 - SF Essen-Katernberg  2"]
[Site "Regionalliga 2018/2019"]
[Date "2019.01.27"]
[Round "6.4"]
[White "Kilian, Ralf"]
[Black "Dette, Jan"]
[Result "1/2-1/2"]
[WhiteElo "2082"]
[BlackElo "2090"]
[PlyCount "29"]
[EventDate "2019.??.??"]

1. e4 e6 2. d4 d5 3. e5 c5 4. c3 Qb6 5. Nf3 Nc6 6. a3 Nge7 7. dxc5 Qc7 8. Be3
Nxe5 9. Nxe5 Qxe5 10. Bb5+ Nc6 11. O-O Be7 12. Bd4 Qg5 13. f4 Qh6 14. Be3 Bd7
15. Rf3 1/2-1/2

[Event "SV Kamen 1 - SF Essen-Katernberg  2"]
[Site "Regionalliga 2018/2019"]
[Date "2019.01.27"]
[Round "6.6"]
[White "Rumpf, Thomas"]
[Black "Kudelka, Josua"]
[Result "1/2-1/2"]
[WhiteElo "2014"]
[BlackElo "1965"]
[PlyCount "29"]
[EventDate "2019.??.??"]

1. e4 c5 2. Nf3 d6 3. Bb5+ Nd7 4. O-O a6 5. Be2 Ngf6 6. Nc3 b5 7. d3 Bb7 8. Bg5
e6 9. a4 b4 10. Nb1 a5 11. Nbd2 Qc7 12. Re1 h6 13. Bxf6 Nxf6 14. d4 Nd7 15. Bb5
1/2-1/2

[Event "SV Kamen 1 - SF Essen-Katernberg  2"]
[Site "Regionalliga 2018/2019"]
[Date "2019.01.27"]
[Round "6.7"]
[White "Krueger, Erich"]
[Black "Kleinegger, Frank"]
[Result "0-1"]
[WhiteElo "2018"]
[BlackElo "2065"]
[PlyCount "98"]
[EventDate "2019.??.??"]

1. d4 d6 2. c4 e5 3. d5 f5 4. e4 fxe4 5. Nc3 Nf6 6. Nge2 Be7 7. Ng3 O-O 8. Be2
Qe8 9. Ncxe4 Nxe4 10. Nxe4 Bf5 11. Ng3 Bg6 12. O-O Nd7 13. Be3 Nf6 14. Qd2 Ne4
15. Nxe4 Bxe4 16. f3 Bf5 17. Bd3 Qg6 18. Rad1 Bg5 19. Bxf5 Rxf5 20. Rf2 Raf8
21. Rdf1 Bxe3 22. Qxe3 b6 23. b4 Rf4 24. Qb3 Qf6 25. g3 Rf5 26. Qe3 g5 27. Kg2
h5 28. c5 g4 29. cxd6 cxd6 30. f4 exf4 31. Rxf4 Rxf4 32. gxf4 Qb2+ 33. Rf2 Qxb4
34. Qe6+ Kg7 35. f5 Rf6 36. Qe7+ Rf7 37. Qg5+ Kf8 38. Qh6+ Kg8 39. Re2 Qb5 40.
Qg6+ Kh8 41. Kf2 Qc5+ 42. Re3 Qc2+ 43. Kg3 h4+ 44. Kxh4 Qf2+ 45. Kxg4 Qg2+ 46.
Rg3 Qe4+ 47. Kg5 Rg7 48. Rc3 Rxg6+ 49. Kxg6 Qg4+ 0-1

[Event "SV Kamen 1 - SF Essen-Katernberg  2"]
[Site "Regionalliga 2018/2019"]
[Date "2019.01.27"]
[Round "6.8"]
[White "Georg, Heinz"]
[Black "Riesenbeck, Juergen"]
[Result "1/2-1/2"]
[WhiteElo "2101"]
[BlackElo "2008"]
[PlyCount "60"]
[EventDate "2019.??.??"]

1. e4 e6 2. d4 d5 3. Nc3 Nf6 4. Bg5 Bb4 5. e5 h6 6. exf6 hxg5 7. fxg7 Rg8 8. h4
gxh4 9. Nf3 Nc6 10. Rxh4 Qf6 11. Qd2 Qxg7 12. a3 Be7 13. Rh3 a6 14. Rg3 Qh8 15.
Rxg8+ Qxg8 16. Qf4 Bd6 17. Qe3 Ne7 18. g3 Bd7 19. Bd3 Qg7 20. O-O-O O-O-O 21.
Re1 Rh8 22. Qg5 Qxg5+ 23. Nxg5 Be8 24. Nh7 Nc6 25. Nf6 Nxd4 26. Nxe8 Rxe8 27.
Nxd5 Rh8 28. Ne3 Nf3 29. Rd1 Rh2 30. Ng4 Rh8 1/2-1/2

[Event "Weiße Dame Borbeck 1 - Oberhausener SV "]
[Site "Regionalliga 2018/2019"]
[Date "2019.01.27"]
[Round "6.1"]
[White "Krueger, AndrÃ©"]
[Black "Loyen, Egbert"]
[Result "1/2-1/2"]
[WhiteElo "1946"]
[BlackElo "2189"]
[PlyCount "59"]
[EventDate "2019.??.??"]

1. e4 c5 2. Nf3 Nc6 3. d4 cxd4 4. Nxd4 Qc7 5. Nc3 e6 6. g3 a6 7. Bg2 Nf6 8. O-O
Be7 9. Re1 O-O 10. Nxc6 bxc6 11. e5 Nd5 12. Nxd5 cxd5 13. b3 Rb8 14. Bb2 a5 15.
c4 dxc4 16. Rc1 Ba6 17. Bf1 Qc6 18. Bxc4 Bb7 19. f3 Qxf3 20. Qxf3 Bxf3 21. Kf2
Bc6 22. Red1 f6 23. Bxe6+ dxe6 24. Rxc6 fxe5+ 25. Ke2 a4 26. Bxe5 Ra8 27. Rxe6
Rfe8 28. Bd6 axb3 29. axb3 Bxd6 30. Rdxd6 1/2-1/2

[Event "Weiße Dame Borbeck 1 - Oberhausener SV "]
[Site "Regionalliga 2018/2019"]
[Date "2019.01.27"]
[Round "6.2"]
[White "Hillenbrand, Michael"]
[Black "Joergens, Markus"]
[Result "1-0"]
[WhiteElo "2087"]
[BlackElo "1984"]
[PlyCount "93"]
[EventDate "2019.??.??"]

1. g3 Nf6 2. Bg2 e6 3. b3 d5 4. Bb2 Be7 5. Nf3 O-O 6. c4 c5 7. cxd5 Nxd5 8. O-O
Nc6 9. Na3 Bf6 10. Bxf6 Qxf6 11. Rc1 b6 12. Nc4 Rd8 13. Qc2 Bb7 14. a3 Nde7 15.
d3 Nf5 16. e3 Rac8 17. Rfd1 Rc7 18. Qc3 Qxc3 19. Rxc3 f6 20. g4 Nfe7 21. Rc2
Rcd7 22. Rcd2 Nd5 23. d4 Nc3 24. Rc1 Ne4 25. Re2 cxd4 26. exd4 Nxd4 27. Nxd4
Rxd4 28. Rce1 f5 29. f3 Ng5 30. gxf5 exf5 31. Kf2 h5 32. Re7 R4d7 33. h4 Nf7
34. Bh3 g6 35. R1e6 Rxe7 36. Rxe7 Bd5 37. Rxa7 b5 38. Nd2 Be6 39. Ke2 Rd5 40.
f4 Rc5 41. Ra6 Bd5 42. Rxg6+ Kf8 43. Rf6 Rc3 44. Bxf5 Ke7 45. Rb6 Nd6 46. Bd3
Bxb3 47. Rxd6 1-0

[Event "Weiße Dame Borbeck 1 - Oberhausener SV "]
[Site "Regionalliga 2018/2019"]
[Date "2019.01.27"]
[Round "6.3"]
[White "Weyh, Thomas"]
[Black "Klasmeier, Jens"]
[Result "1/2-1/2"]
[WhiteElo "2004"]
[BlackElo "2090"]
[PlyCount "124"]
[EventDate "2019.??.??"]

1. d4 Nf6 2. c4 e6 3. Nc3 Bb4 4. e3 O-O 5. Nge2 Re8 6. a3 Bf8 7. Ng3 d5 8. cxd5
exd5 9. Bd3 b6 10. O-O c5 11. dxc5 bxc5 12. e4 c4 13. Bb1 d4 14. e5 Rxe5 15.
Bf4 Re7 16. Bg5 d3 17. Bxf6 gxf6 18. Qf3 Bb7 19. Qg4+ Kh8 20. Qxc4 Ba6 21. Qd5
Qxd5 22. Nxd5 Re5 23. Nc7 d2 24. Nxa6 Nxa6 25. Be4 Rd8 26. b4 Nc7 27. f4 Re7
28. Bf3 Nb5 29. Nf5 Rc7 30. Ne3 Nc3 31. Nd1 Nd5 32. Bxd5 Rxd5 33. Ne3 Rd3 34.
Kf2 Rcc3 35. Nd1 Rxa3 36. Nb2 Rxa1 37. Rxa1 Rb3 38. Nd1 Rxb4 39. Ke3 Bc5+ 40.
Kxd2 Rxf4 41. Rc1 Bb4+ 42. Ke3 Rf1 43. Rc8+ Kg7 44. Nf2 a5 45. Nd3 Bd6 46. Ra8
Ra1 47. g3 a4 48. Nf4 Bxf4+ 49. Kxf4 a3 50. Kg4 a2 51. Ra6 Kg6 52. Ra5 h5+ 53.
Kh4 f5 54. Ra6+ f6 55. Ra7 f4 56. gxf4 Rg1 57. Rxa2 Rg4+ 58. Kh3 Kf5 59. Ra5+
Kxf4 60. Rxh5 Rg1 61. Rh4+ Kf3 62. Rg4 Rxg4 1/2-1/2

[Event "Weiße Dame Borbeck 1 - Oberhausener SV "]
[Site "Regionalliga 2018/2019"]
[Date "2019.01.27"]
[Round "6.4"]
[White "Dewenter, Ulf"]
[Black "GroÃŸ, Thomas"]
[Result "1/2-1/2"]
[WhiteElo "2109"]
[BlackElo "1968"]
[PlyCount "44"]
[EventDate "2019.??.??"]

1. d4 d5 2. c4 c6 3. Nf3 Nf6 4. Nc3 a6 5. a4 e6 6. g3 dxc4 7. Bg2 Nbd7 8. O-O
Be7 9. e4 O-O 10. Qe2 c5 11. d5 e5 12. Nd2 Bd6 13. Nxc4 Nb6 14. Ne3 Bd7 15. a5
Nc8 16. Bd2 Na7 17. f4 Nb5 18. Nxb5 Bxb5 19. Nc4 Qd7 20. fxe5 Bxc4 21. Qxc4
Bxe5 22. Bc3 Rfe8 1/2-1/2

[Event "Weiße Dame Borbeck 1 - Oberhausener SV "]
[Site "Regionalliga 2018/2019"]
[Date "2019.01.27"]
[Round "6.5"]
[White "Seibert, Michael"]
[Black "Poetter, Clemens"]
[Result "0-1"]
[WhiteElo "1941"]
[BlackElo "2011"]
[PlyCount "136"]
[EventDate "2019.??.??"]

1. d4 Nf6 2. Bg5 c5 3. Bxf6 exf6 4. d5 Qb6 5. Qc1 Be7 6. e4 O-O 7. Nd2 d6 8.
Bd3 Nd7 9. f4 f5 10. exf5 Re8 11. Ne2 Nf6 12. Nc4 Qc7 13. Ne3 c4 14. Bxc4 Bxf5
15. Bb5 Bd7 16. Bd3 Bd8 17. Qd2 Qc5 18. Nc4 b5 19. Na3 Qxd5 20. O-O-O Qxa2 21.
c3 Bb6 22. Bb1 Qe6 23. Nd4 Qd5 24. Nac2 a5 25. Rhe1 b4 26. cxb4 axb4 27. Rxe8+
Rxe8 28. Nf3 Qxd2+ 29. Rxd2 b3 30. Ncd4 Rc8+ 31. Kd1 Ba5 32. Rd3 Ne4 33. Rxb3
d5 34. Ra3 Bb6 35. Ba2 Nf6 36. Ra6 Bc5 37. h3 h6 38. g4 Rd8 39. Nc6 Re8 40.
Nfe5 Bc8 41. Ra5 Be3 42. Nd3 Bb7 43. Ncb4 Rd8 44. Rb5 Ba8 45. Ke2 Bd4 46. g5
hxg5 47. fxg5 Ne4 48. g6 Nf6 49. gxf7+ Kxf7 50. Nc2 Bg1 51. Kf1 Bh2 52. Ncb4
Kg6 53. Nc5 d4 54. Ne6 Rc8 55. Rg5+ Kh6 56. h4 Rc1+ 57. Ke2 Bd6 58. Nd3 Rc2+
59. Kd1 Rh2 60. Bb1 Bf3+ 61. Ke1 Re2+ 62. Kf1 Ne4 63. Rg6+ Kh7 64. Ng5+ Kxg6
65. Nxe4 Rxe4 66. Ne1 Be2+ 67. Kf2 d3 68. Nxd3 Kf6 0-1

[Event "Weiße Dame Borbeck 1 - Oberhausener SV "]
[Site "Regionalliga 2018/2019"]
[Date "2019.01.27"]
[Round "6.6"]
[White "Korste, Sebastian"]
[Black "Hombrecher, Kai"]
[Result "1-0"]
[WhiteElo "1922"]
[BlackElo "1851"]
[PlyCount "69"]
[EventDate "2019.??.??"]

1. d4 Nf6 2. c4 g6 3. Nc3 Bg7 4. e4 O-O 5. Be3 d6 6. h3 e5 7. d5 Na6 8. g4 Nc5
9. Qc2 a5 10. Be2 Ne8 11. Nf3 f5 12. gxf5 gxf5 13. Bg5 Bf6 14. Rg1 Bxg5 15.
Nxg5 Ng7 16. O-O-O Rf6 17. Rg2 Rg6 18. Rdg1 f4 19. Qd1 Qf6 20. h4 h6 21. Nh7
Kxh7 22. Rxg6 Qxg6 23. Rxg6 Kxg6 24. Qg1+ Kf7 25. h5 Bd7 26. Qg6+ Kg8 27. Qxh6
Rf8 28. Qg5 Kh8 29. h6 Ne8 30. Bh5 Rg8 31. Qe7 Nd3+ 32. Kd2 Nc5 33. f3 Rg2+ 34.
Ne2 Rg8 35. Bf7 1-0

[Event "Weiße Dame Borbeck 1 - Oberhausener SV "]
[Site "Regionalliga 2018/2019"]
[Date "2019.01.27"]
[Round "6.7"]
[White "Demircan, Baris"]
[Black "Friedrich, Patrick"]
[Result "0-1"]
[WhiteElo "1827"]
[BlackElo "1913"]
[Annotator "Daniel"]
[PlyCount "60"]
[EventDate "2019.??.??"]

1. e4 c5 2. Nf3 e6 3. Nc3 a6 4. a4 b6 5. Bc4 Qc7 6. Qe2 d6 7. d3 Nc6 8. Be3 Nf6
9. h3 Be7 10. O-O O-O 11. Rfe1 Bb7 12. Ba2 Rfe8 13. Bf4 Nd4 14. Qd1 Nd7 15. Bh2
Bf6 16. Nd2 b5 17. axb5 axb5 18. Nb3 Bc6 19. f4 b4 20. Ne2 Nxe2+ 21. Qxe2 Bxb2
22. e5 Bd5 23. exd6 Qb6 24. Kh1 Ra3 25. Nxc5 Qxc5 26. Bxd5 Qxd5 27. Rab1 Bc3
28. Rf1 e5 29. Qg4 Nf6 30. Qh4 Qxd6 {Rest nicht nachvollziehbar!} 0-1

[Event "Weiße Dame Borbeck 1 - Oberhausener SV "]
[Site "Regionalliga 2018/2019"]
[Date "2019.01.27"]
[Round "6.8"]
[White "Klasmeier, Hartmut"]
[Black "Cordsen, Rudolf"]
[Result "1/2-1/2"]
[WhiteElo "1872"]
[BlackElo "1643"]
[Annotator "Daniel"]
[PlyCount "96"]
[EventDate "2019.??.??"]

1. e4 e5 2. Nf3 d6 3. Bc4 c6 4. a4 Be7 5. Nc3 Nf6 6. O-O O-O 7. d4 Qc7 8. dxe5
dxe5 9. Qe2 Bg4 10. h3 Bxf3 11. Qxf3 Nbd7 12. Qg3 Nh5 13. Qf3 Nhf6 14. Be3 a5
15. Rad1 Nc5 $11 16. g4 h6 17. g5 hxg5 18. Bxg5 Ne6 19. Be3 Rad8 20. Kh1 Nh7
21. Rg1 Rxd1 22. Nxd1 Bf6 23. Qg4 Nf4 24. h4 Qe7 25. f3 Kh8 26. Nf2 g6 27. Bxf4
exf4 28. Qxf4 Bxh4 29. Ng4 Bg5 30. Qh2 Kg7 31. Qe5+ $11 Qxe5 32. Nxe5 Bf4 33.
Nd3 Bd6 34. e5 Be7 35. f4 f5 36. Kg2 Rb8 37. b3 Nf8 38. Rd1 b5 39. axb5 cxb5
40. Bd5 Rc8 41. c4 bxc4 42. bxc4 Nd7 43. Ra1 Bd8 44. Be6 Rc7 45. Rxa5 Nf8 46.
Bd5 Rxc4 47. Ra7+ Rc7 48. Rxc7+ Bxc7 1/2-1/2

[Event "SC Hansa Dortmund 2 - SV Wattenscheid 2"]
[Site "Regionalliga 2018/2019"]
[Date "2019.01.27"]
[Round "6.1"]
[White "Schlehoefer, Ralf"]
[Black "Sundorf, Jannik"]
[Result "0-1"]
[WhiteElo "2195"]
[BlackElo "2108"]
[PlyCount "74"]
[EventDate "2019.??.??"]

1. d4 Nf6 2. g3 d5 3. Bg2 e6 4. Nf3 Be7 5. c4 O-O 6. O-O c6 7. Nbd2 b6 8. b3
Nbd7 9. Bb2 Bb7 10. Ne5 c5 11. cxd5 exd5 12. dxc5 Nxe5 13. Bxe5 bxc5 14. Rc1
Qb6 15. Qc2 Rac8 16. Rfd1 Rfd8 17. Nf1 Qe6 18. Ba1 Ba6 19. Ne3 d4 20. Nc4 Nd5
21. Re1 Bg5 22. e3 Nb4 23. Qe2 dxe3 24. f4 Bf6 25. Bxf6 Qxf6 26. Rcd1 Rxd1 27.
Qxd1 Bxc4 28. bxc4 Qd4 29. Qe2 Re8 30. a3 Na6 31. Rd1 Qf6 32. Rd7 Qa1+ 33. Bf1
g6 34. Kg2 Nb8 35. Rc7 Qxa3 36. Qf3 Qb2+ 37. Kh1 e2 0-1

[Event "SC Hansa Dortmund 2 - SV Wattenscheid 2"]
[Site "Regionalliga 2018/2019"]
[Date "2019.01.27"]
[Round "6.2"]
[White "Schiefelbusch, Dirk"]
[Black "Koehn, Peter"]
[Result "1-0"]
[WhiteElo "2015"]
[BlackElo "2137"]
[Annotator "Daniel"]
[PlyCount "205"]
[EventDate "2019.??.??"]

1. b4 Nf6 2. Bb2 g6 3. c4 Bg7 4. e3 d6 5. Nf3 e5 6. d4 e4 7. Nfd2 O-O 8. Nc3
Re8 9. Be2 c6 10. O-O h5 11. Qb3 Nbd7 12. Rfd1 Nf8 13. a4 N8h7 14. d5 Bg4 15.
dxc6 bxc6 16. b5 c5 17. h3 Bxh3 18. gxh3 Qd7 19. Bf1 Ng5 20. Bg2 Nxh3+ 21. Kf1
Qf5 22. Bxh3 Qxh3+ 23. Ke1 Qh4 24. Nf1 Ng4 25. Qc2 Ne5 26. Qxe4 Qxe4 27. Nxe4
Nf3+ 28. Ke2 Ng1+ 29. Kd3 Bxb2 30. Rab1 Be5 31. f4 f5 32. Ng5 Bf6 33. Nd2 Bxg5
34. Rxg1 Bf6 35. Rxg6+ Kf7 36. Rbg1 a6 37. b6 a5 38. Rh6 Rh8 39. b7 Rab8 40.
Rxh8 Bxh8 41. Rg5 Rxb7 42. Rxh5 Bf6 43. Rxf5 Ke6 44. Rd5 Be7 45. f5+ Kd7 46.
Ne4 Rb3+ 47. Ke2 Rb4 48. f6 Rxc4 49. Kd3 Rxe4 50. Kxe4 Bxf6 $11 51. Kd3 Kc6 52.
Kc4 Bh4 53. Rh5 Bf2 54. e4 Be1 55. Rh8 Bg3 56. Ra8 Kb6 57. Kd5 Bf4 58. Rb8+ Kc7
59. Rb5 Bd2 60. e5 dxe5 61. Rxc5+ Kb7 62. Rb5+ Ka6 63. Kxe5 Be3 64. Kd5 Bf2 65.
Kc6 Be3 66. Rb8 Ba7 67. Rg8 Bf2 68. Kc7 Bb6+ 69. Kb8 Ba7+ 70. Ka8 Bb6 71. Rg7
Bd4 72. Rg6+ Bb6 73. Rg5 Be3 74. Rb5 Bd4 75. Kb8 Be3 76. Kc7 Bd4 77. Kc6 Be3
78. Re5 Bd4 79. Re6 Bf2 80. Kd5+ Ka7 81. Kc4 Bg1 82. Kb5 Bf2 83. Kxa5 Bg1 84.
Re7+ Ka8 85. Ka6 Bh2 86. Ra7+ Kb8 87. Rh7 Be5 88. Re7 Bd4 89. Re8+ Kc7 90. Re4
Bf2 91. Rb4 Be3 92. Rb7+ Kc8 93. a5 Bf2 94. Rf7 Bd4 95. Kb5 Kb8 96. Rd7 Bf2 97.
Ka6 Be3 98. Re7 Bd4 99. Rd7 Be3 100. Rb7+ Kc8 101. Rb3 Bd4 102. Kb5 Bf2 103.
Kc6 1-0

[Event "SC Hansa Dortmund 2 - SV Wattenscheid 2"]
[Site "Regionalliga 2018/2019"]
[Date "2019.01.27"]
[Round "6.3"]
[White "Lang, Daniel"]
[Black "Burchert, Wolfgang"]
[Result "1/2-1/2"]
[WhiteElo "2078"]
[BlackElo "2008"]
[PlyCount "69"]
[EventDate "2019.??.??"]

1. d4 Nf6 2. c4 e6 3. Nc3 Bb4 4. e3 O-O 5. Nge2 d5 6. a3 Bd6 7. Ng3 b6 8. cxd5
exd5 9. Bd3 Bb7 10. O-O c5 11. dxc5 bxc5 12. Nb5 Bxg3 13. hxg3 Nc6 14. Qc2 Ne5
15. Bf5 Qb6 16. Nc3 Qc6 17. Qa4 Qb6 18. b4 cxb4 19. Rb1 a5 20. axb4 axb4 21.
Rxb4 Qc5 22. Qb3 Ba6 23. Rd1 Bc4 24. Qb2 Nc6 25. Rb6 Rfb8 26. Rxb8+ Rxb8 27.
Qa3 Qxa3 28. Bxa3 Rb3 29. Nb1 Nb4 30. Nd2 Rxa3 31. Nxc4 Rc3 32. Ne5 g6 33. Bb1
Nc6 34. Nxc6 Rxc6 35. Ba2 1/2-1/2

[Event "SC Hansa Dortmund 2 - SV Wattenscheid 2"]
[Site "Regionalliga 2018/2019"]
[Date "2019.01.27"]
[Round "6.4"]
[White "Hillebrand, Carsten"]
[Black "Gohla, Ulf"]
[Result "1-0"]
[WhiteElo "1934"]
[BlackElo "2165"]
[PlyCount "129"]
[EventDate "2019.??.??"]

1. Nf3 d5 2. g3 c6 3. b3 Nf6 4. Bg2 Nbd7 5. c4 dxc4 6. bxc4 e5 7. O-O Bd6 8.
Qc2 O-O 9. Bb2 Re8 10. d3 Qc7 11. Nbd2 Nf8 12. c5 Be7 13. Bxe5 Qa5 14. Nb3 Qd8
15. Bb2 Ne6 16. d4 Bf8 17. e4 Nc7 18. Rfe1 Bg4 19. Ne5 Bh5 20. h3 Nd7 21. Nc4
f6 22. Ne3 Bf7 23. Rad1 Na6 24. Bc3 b6 25. Bf1 Qc8 26. Qd3 Nc7 27. cxb6 axb6
28. Qb1 Na6 29. Bc4 Bxc4 30. Nxc4 b5 31. Ne3 Nb4 32. Nc1 Na6 33. Re2 Nb6 34.
Kh2 Qe6 35. f3 Na4 36. Be1 g6 37. d5 Qd6 38. dxc6 Qxc6 39. Qb3+ Kg7 40. Rc2
N6c5 41. Qd5 Qb6 42. Qd2 Rad8 43. Nd5 Qb8 44. Bf2 Ne6 45. Nb3 Bd6 46. Nd4 Nxd4
47. Qxd4 Be5 48. Qe3 Qb7 49. f4 Bb8 50. Qf3 Rc8 51. Rcd2 Nc5 52. Bxc5 Rxc5 53.
Nxf6 Re7 54. Nd5 Re6 55. Qd3 Rc4 56. e5 Ba7 57. Nf6 Re7 58. Qd5 Qc8 59. Qd8 Qe6
60. Qd5 Qb6 61. Qg8+ Kh6 62. Qf8+ Rg7 63. Ng4+ Kh5 64. Qxg7 Qf2+ 65. Rxf2 1-0

[Event "SC Hansa Dortmund 2 - SV Wattenscheid 2"]
[Site "Regionalliga 2018/2019"]
[Date "2019.01.27"]
[Round "6.5"]
[White "Schlange, Stefan"]
[Black "Linker, Walter"]
[Result "1-0"]
[WhiteElo "2070"]
[BlackElo "2015"]
[Annotator "Daniel"]
[PlyCount "65"]
[EventDate "2019.??.??"]

1. e4 e5 2. f4 exf4 3. Bc4 d6 4. d4 Nf6 5. Nc3 c6 6. Bxf4 b5 7. Bd3 Be7 8. Nf3
O-O 9. O-O b4 10. Ne2 Ba6 11. Ng3 Bxd3 12. Qxd3 g6 13. Rf2 Ng4 14. Re2 Nd7 15.
h3 Ngf6 16. Rf1 Qa5 17. Bg5 Rfe8 18. c4 bxc3 19. bxc3 Nh5 20. Nxh5 Bxg5 21.
Nxg5 Qxg5 22. Ng3 Re7 $11 23. Ref2 Rae8 24. Rf4 Qb5 25. Qf3 Qc4 26. Rf2 c5 27.
Qg4 Kh8 28. Ne2 Qxa2 29. Qg5 f6 30. Qg3 a5 31. Rh4 Rxe4 32. Qxg6 R8e7 33. Rxh7+
1-0

[Event "SC Hansa Dortmund 2 - SV Wattenscheid 2"]
[Site "Regionalliga 2018/2019"]
[Date "2019.01.27"]
[Round "6.6"]
[White "Zelt, Jens"]
[Black "Schwebel, Markus"]
[Result "1/2-1/2"]
[WhiteElo "2087"]
[BlackElo "2007"]
[PlyCount "68"]
[EventDate "2019.??.??"]

1. d4 Nf6 2. Nf3 g6 3. Bf4 Bg7 4. c3 O-O 5. h3 c5 6. e3 cxd4 7. exd4 d5 8. Be2
Nc6 9. O-O Bf5 10. Nbd2 a5 11. a4 h6 12. Re1 g5 13. Bg3 e6 14. Ne5 Nd7 15. Nxd7
Qxd7 16. Nf3 f6 17. Bd3 Bxd3 18. Qxd3 Rae8 19. Rad1 Kh8 20. Re2 f5 21. Be5 Nxe5
22. Nxe5 Bxe5 23. Rxe5 Qxa4 24. Rde1 Qd7 25. Qe2 Rf6 26. c4 dxc4 27. d5 b5 28.
dxe6 Qd3 29. Qh5 Re7 30. Rd1 Qc2 31. Rd7 Qc1+ 32. Kh2 Qf4+ 33. Kg1 Qc1+ 34. Kh2
Qf4+ 1/2-1/2

[Event "SC Hansa Dortmund 2 - SV Wattenscheid 2"]
[Site "Regionalliga 2018/2019"]
[Date "2019.01.27"]
[Round "6.7"]
[White "Schmedders, Hans-Gerd"]
[Black "Kokkinis, Ioannis"]
[Result "1-0"]
[WhiteElo "2050"]
[BlackElo "1604"]
[PlyCount "59"]
[EventDate "2019.??.??"]

1. d4 d5 2. Bg5 Nf6 3. Bxf6 exf6 4. e3 g6 5. c4 c6 6. Nc3 Bg7 7. cxd5 cxd5 8.
Qb3 O-O 9. Qxd5 Qb6 10. Qb5 Qd8 11. Qb3 f5 12. Nge2 Nd7 13. g3 Nf6 14. Bg2 Rb8
15. O-O Re8 16. Rac1 Ne4 17. Rfd1 b5 18. a3 a6 19. Nxe4 fxe4 20. Nc3 Bg4 21.
Rd2 Bf3 22. Nd5 Rc8 23. Rc5 Rxc5 24. dxc5 Re6 25. Bxf3 exf3 26. Qd1 Qc8 27.
Ne7+ Rxe7 28. Rd8+ Re8 29. Rxc8 Rxc8 30. b4 1-0

[Event "SC Hansa Dortmund 2 - SV Wattenscheid 2"]
[Site "Regionalliga 2018/2019"]
[Date "2019.01.27"]
[Round "6.8"]
[White "Zhang, Jingfu"]
[Black "Peter, Thomas"]
[Result "0-1"]
[WhiteElo "1607"]
[BlackElo "2085"]
[PlyCount "70"]
[EventDate "2019.??.??"]

1. d4 Nf6 2. c4 g6 3. Nc3 Bg7 4. e4 O-O 5. Nf3 d6 6. Be2 c6 7. O-O Qc7 8. h3 e5
9. Be3 Re8 10. d5 c5 11. Qc2 Nh5 12. Ng5 Nf4 13. Bxf4 exf4 14. Nf3 Qe7 15. Bd3
Nd7 16. Ne2 Ne5 17. Nxe5 Qxe5 18. Qd2 f3 19. Nc3 fxg2 20. Kxg2 Qh5 21. Qe3 g5
22. Qg3 Kh8 23. Be2 Qg6 24. Bd3 Be5 25. Qe3 g4 26. h4 Qf6 27. f4 gxf3+ 28. Rxf3
Qxh4 29. Kf1 Bg4 30. Rxf7 Bd4 31. e5 Qh1+ 32. Kf2 Bxe3+ 33. Kxe3 Rxe5+ 34. Be4
Qxa1 35. Rxh7+ Kg8 0-1

[Event "SG Bochum 2 - SV Welper 1"]
[Site "Regionalliga 2018/2019"]
[Date "2019.01.27"]
[Round "6.1"]
[White "Fuellgrabe, Thomas"]
[Black "Tkachuk, Konstantyn"]
[Result "1/2-1/2"]
[WhiteElo "2232"]
[BlackElo "2252"]
[Annotator "Daniel"]
[PlyCount "48"]
[EventDate "2019.??.??"]

1. e4 c5 2. Nf3 d6 3. Bb5+ Bd7 4. Bxd7+ Qxd7 5. c4 e5 6. Nc3 Nc6 7. d3 g6 8. a3
Bg7 9. Rb1 f5 10. b4 Nf6 11. Bg5 O-O 12. Bxf6 Rxf6 13. O-O Bh6 14. Nd5 Rf7 15.
b5 $11 Ne7 16. Nxe7+ Qxe7 17. Nd2 Bxd2 18. Qxd2 f4 19. f3 g5 20. a4 Kh8 21. Rb2
Rg7 22. Kh1 Rg6 23. Qd1 Rag8 24. g4 fxg3 1/2-1/2

[Event "SG Bochum 2 - SV Welper 1"]
[Site "Regionalliga 2018/2019"]
[Date "2019.01.27"]
[Round "6.3"]
[White "Sohlmann, Jan-Henning"]
[Black "Tkachuk, Sergij"]
[Result "1/2-1/2"]
[WhiteElo "2185"]
[BlackElo "2208"]
[Annotator "Daniel"]
[PlyCount "137"]
[EventDate "2019.??.??"]

1. e4 c5 2. Nf3 d6 3. d4 cxd4 4. Nxd4 Nf6 5. Nc3 g6 6. Be3 Bg7 7. f3 O-O 8. Qd2
Nc6 9. Bc4 Bd7 10. h4 Rc8 11. Bb3 h5 12. O-O-O Ne5 13. Kb1 b5 14. Ndxb5 Bxb5
15. Nxb5 a6 16. Na3 Qc7 17. Bh6 Rfd8 18. Bxg7 Kxg7 19. Rhe1 e6 20. Re3 d5 21.
exd5 Nxd5 22. Bxd5 Rxd5 23. Qe2 Rxd1+ 24. Qxd1 Rd8 25. Qe1 f6 26. g3 Qc6 27.
Qe2 Rd6 28. c3 Qd7 29. Kc2 Qa4+ 30. Kc1 Qd7 31. b3 Qc6 32. Kc2 Qc5 33. Kb2 Qd5
34. Kc2 Qa5 35. Kb2 Qd5 $11 36. Nb1 Nc6 37. a3 Na5 38. c4 Qd4+ 39. Ka2 Kf7 40.
Rc3 Qg1 41. Nd2 Nc6 42. Ne4 Rd1 43. Qb2 a5 44. c5 e5 45. f4 Qe1 46. Nd6+ Kg7
47. fxe5 Nxe5 48. Ne8+ Kf7 49. c6 Rd2 50. Rc2 Rxc2 51. Qxc2 Nxc6 52. Nd6+ Ke6
53. Qxc6 Qd2+ 54. Kb1 Qd1+ 55. Kb2 Qd2+ 56. Qc2 Qd4+ 57. Kb1 Qxd6 58. Qxg6 Qd1+
59. Kb2 Qd4+ 60. Kc2 Qf2+ 61. Kc3 Qc5+ 62. Kd2 Qf2+ 63. Kd3 Qf3+ 64. Kd4 Qd5+
65. Kc3 Qc5+ 66. Kb2 Qd4+ 67. Kc2 Qf2+ 68. Kc1 Qe3+ 69. Kc2 1/2-1/2

[Event "SG Bochum 2 - SV Welper 1"]
[Site "Regionalliga 2018/2019"]
[Date "2019.01.27"]
[Round "6.4"]
[White "Stricker, Florian"]
[Black "Linde, Wolfgang"]
[Result "1-0"]
[WhiteElo "2070"]
[BlackElo "2149"]
[PlyCount "61"]
[EventDate "2019.??.??"]

1. c4 e5 2. g3 Nf6 3. Bg2 Nc6 4. Nc3 Bc5 5. e3 O-O 6. a3 a6 7. Nge2 d6 8. O-O
Re8 9. d3 h6 10. h3 Bf5 11. Kh2 Qd7 12. b4 Ba7 13. d4 exd4 14. exd4 Ne4 15. Be3
Nd8 16. g4 Bh7 17. a4 c6 18. Qb3 Kh8 19. b5 axb5 20. axb5 d5 21. cxd5 Bb8+ 22.
Kg1 Nxc3 23. Qxc3 Rxa1 24. Rxa1 cxd5 25. Qc5 Be4 26. Bxe4 dxe4 27. d5 Bd6 28.
Qc4 f5 29. Ra8 fxg4 30. Qc8 Qxb5 31. Nc3 1-0

[Event "SG Bochum 2 - SV Welper 1"]
[Site "Regionalliga 2018/2019"]
[Date "2019.01.27"]
[Round "6.5"]
[White "Adiyaman, Rene"]
[Black "Kitte, Sebastian"]
[Result "0-1"]
[WhiteElo "2171"]
[BlackElo "2169"]
[Annotator "Daniel"]
[PlyCount "102"]
[EventDate "2019.??.??"]

1. e4 c5 2. c3 d5 3. exd5 Qxd5 4. Nf3 Nf6 5. d4 Bg4 6. Nbd2 Nc6 7. Bc4 Bxf3 8.
Qb3 Na5 9. Qb5+ Qd7 10. Nxf3 Nxc4 $11 11. Qxc4 cxd4 12. cxd4 b5 13. Qd3 e6 14.
O-O Bd6 15. Re1 O-O 16. Bd2 a6 17. Rac1 Rac8 18. Rcd1 Qc6 19. Rc1 Qb7 20. b3
Rxc1 21. Bxc1 Rc8 22. Bd2 Qc6 23. Qe3 Nd5 24. Qe4 Qc2 25. Qxc2 Rxc2 26. a4 bxa4
27. bxa4 Kf8 28. Ra1 Ke7 29. Kf1 Bb4 30. Bxb4+ Nxb4 31. Ra3 Kd6 32. a5 Kd5 33.
Re3 f6 34. Ra3 Ra2 35. Rb3 Kc4 36. Re3 Rxa5 37. Rxe6 Nd5 38. g3 Ra2 39. Kg2 a5
40. Ra6 Kb5 41. Ra7 Ne3+ 42. Kh3 Rxf2 43. Ng1 g5 44. g4 Nf1 45. Nf3 Rxf3+ 46.
Kg2 Rf4 47. Rxh7 Ne3+ 48. Kg3 Rxd4 49. h3 a4 50. Ra7 Kb4 51. Kf3 Nd5 0-1